000 01964nam0a2200409 4500
001 RU\NLR\bibl\1514678
005 20260409072024.0
010 _a978-5-7882-0778-0
_9100
021 _aRU
_b2010-28393
_91910
035 _a(nilc)RSL-KNO-004632226
035 _aRU\LSL\Books\2546683
035 _aLIBNET\0000029184
035 _a(NLR Aleph) 001506061
090 _a50563
_c50563
100 _a20100421d2009 |||y0rusy50 ca
101 0 _arus
102 _aRU
105 _aa |||||||||
200 1 _aИнновационные технологии. Введение в нанотехнологии
_eучебное пособие
_e[для студентов, изучающих лисциплину "Современный инжиниринг химико-технологических процессов"]
_fА. Я. Верещагина
_gФедеральное агентство по образованию, Гос. образовательное учреждение высш. проф. образования "Казанский гос. технологический ун-т"
210 _aКазань
_cКГТУ
_d2009
215 _a115 с.
_cил., табл.
_d21
320 _aБиблиогр.: с. 114-115 (21 назв.)
517 0 _aВведение в нанотехнологии
606 _aНанотехнологии
_jУчебные издания для высших учебных заведений
_3RU\NLR\auth\66830353
_91835426
686 _aЖ6я73-1
_2rubbk
686 _aЗ844.1
_vLBC/SL
_2rubbk
686 _aЗ844.1я73-1
686 _aЖ6я73-1
700 1 _aВерещагина
_bЯ. А.
_gЯна Александровна
_4070
801 0 _aRU
_bРГБ
_c20100421
_grcr
801 1 _aRU
_bРГБ
_c20100421
801 2 _aRU
_bНБ Казанского ГУ
_c20100506
801 2 _aRU
_bНБ Казанского ГУ
_c20100507
801 2 _aRU
_bNLR
_c20100523
_grcr
942 _cBOOK
980 _aNB